000 00594nam a22002297a 4500
003 UA-OsUOA
001 90120
007 ta
008 20121114b un ||||| |||| 00| 0 ukr d
100 _aКобысь В
090 _a821.161.2
_bК55
942 _cBK
040 _aUA-OsUOA
_brus
_cUA-OsUOA
_dUA-OsUOA
245 _aГорячий след
_bочерки
300 _a133 с.
955 _a3
041 _arus
080 _a821.161.2
260 _aЛьвов
_bКаменяр
_c1989
650 7 _a82 Література. Літературознавство
_2UDC
999 _c376323
_d376323